000 00236nam a2200097Ia 4500
008 200302s9999 xx 000 0 und d
100 _aHenri Stierlin
245 _aIberian-American Baroque
260 _bTaschen Verlag Gmbh
300 _a192 P.,
999 _c845
_d845